Miroirs obscurs /

Bibliographic Details
Main Author: Lewis, Andrew, 1963-
Format: CD Audio
Language:No linguistic content
Published: Montréal, Québec : Empreintes Digitales, [2007]
Subjects:

MARC

Tag First Indicator Second Indicator Subfields
LEADER 00000cjm a2200000Ia 4500
001 in00003441230
005 20151206102839.0
007 sd fsngnn||||d
008 071214s2007 quczznn ei n zxx d
028 0 2 |a IMED 0789  |b Empreintes Digitales 
035 |a (OCoLC)ocn183891617 
035 |a (OCoLC)183891617 
040 |a XFF  |b eng  |c XFF  |d OCLCG  |d NED  |d OCLCA  |d OCLCF  |d OCLCQ  |d OCLCO  |d TXA  |d UtOrBLW 
041 0 |g eng  |g fre 
049 |a TXAM 
050 1 4 |a M1473.L49  |b M57 2007 
100 1 |a Lewis, Andrew,  |d 1963- 
240 1 0 |a Works.  |k Selections 
245 1 0 |a Miroirs obscurs /  |c Andrew Lewis. 
264 1 |a Montréal, Québec :  |b Empreintes Digitales,  |c [2007] 
264 4 |c ℗2007 
300 |a 1 audio disc :  |b digital, stereo ;  |c 4 3/4 in. 
336 |a performed music  |b prm  |2 rdacontent 
337 |a audio  |b s  |2 rdamedia 
338 |a audio disc  |b sd  |2 rdacarrier 
500 |a Acousmatic works. 
500 |a Compact disc (DVD audio and video: surround 5.1, stereo; DVD rom: documents). 
500 |a Program notes in English and French (1 folded sheet) inserted in container. 
505 0 |a Penmon Point (2002-02) (15:26) -- Lladdwyn skies (2003) (14:49) -- Benllech shells (2003) (8:33) -- Cable Bay (1998-99) (10:04) -- Danses acousmatiques (2007) (35:45). 
500 |a Sound recording. 
650 0 |a Computer music. 
650 0 |a Electronic music. 
650 7 |a Computer music.  |2 fast  |0 (OCoLC)fst00872274 
650 7 |a Electronic music.  |2 fast  |0 (OCoLC)fst00907363 
655 4 |a Compact discs. 
700 1 2 |a Lewis, Andrew,  |d 1963-  |t Penmon Point. 
700 1 2 |a Lewis, Andrew,  |d 1963-  |t Lladdwyn skies. 
700 1 2 |a Lewis, Andrew,  |d 1963-  |t Benllech shells. 
700 1 2 |a Lewis, Andrew,  |d 1963-  |t Cable Bay. 
700 1 2 |a Lewis, Andrew,  |d 1963-  |t Danses acousmatiques. 
948 |a cataloged  |b h  |c 2014/8/29  |d c  |e jolivare  |f 1:35:20 pm  |x Check 300 
994 |a C0  |b TXA 
999 |a MARS 
999 f f |s 6c8b97e4-f6bd-3b3e-975c-98f9fd1d4981  |i d2e58fe3-fd4b-3209-bf0a-fb6db2f4a3a3  |t 0 
952 f f |p ric  |a Texas A&M University  |b Rellis Campus  |c Joint Library Facility  |d Remote Storage  |t 0  |e M1473.L49 M57 2007  |h Library of Congress classification  |i audio -- audio disc  |m A14842712615 
998 f f |a M1473.L49 M57 2007  |t 0  |l Remote Storage